00813nam a2200241Ia 450000500170000000800410001702000150005808200200007311000340009324500560012725000190018330000380020265000330024065000410027365000600031494200150037426400440038933600270043333700330046033800280049304000350052199900150055620220317001210.0160825s2003 ck g 000 0 spa  a958664130904a737.49861bB15b2 aBanco de la República93413 aBilletes y monedascBanco de la RepúblicahCD-ROM a1a. edición  a1 CD-ROMbestereo, sonidoc12 cm 142LEMBaHumanística vCD-ROM142LEMBaHistoria de la moneda vCD-ROM142LEMBaBilletes del banco vCD-ROMxHistoria zColombia  2ddccCDMUL aBogotábBanco de la Repúblicac2003 atextobtxt2rdacontent asin mediaciónbn2rdamedia avolumenbnc2rdacarrier aCO-BoRNBPbspaerdacCO-BoRNBP c6213d6213